Κατάλογος Βιβλιοθηκών Mediterranean College

Θεωρητική Οικονομική. (Record no. 2153)

MARC details
000 -LEADER
fixed length control field 01655cam a22002054a 4500
005 - ΗΜΕΡΟΜΗΝΙΑ ΚΑΙ ΩΡΑ ΤΕΛΕΥΤΑΙΑΣ ΕΝΗΜΕΡΩΣΗΣ
Πεδίο ελέγχου 20250605164032.0
008 - FIXED-LENGTH DATA ELEMENTS--GENERAL INFORMATION
Πεδίο ελέγχου σταθερού μήκους 250528s ||||||||||||||||||||||||d
035 ## - SYSTEM CONTROL NUMBER
System control number 16678
020 ## - ISBN
ISBN 9607306333
040 ## - ΠΗΓΗ ΚΑΤΑΛΟΓΟΓΡΑΦΗΣΗΣ
Φορέας πρωτότυπης καταλογογράφησης MC Athens Campus Library
Γλώσσα καταλογογράφησης Ελληνικά, Μοντέρνα (1453-)
Modifying agency MC Athens Campus Library
Κανόνες περιγραφικής καταλογογράφησης AACR2
245 1# - ΤΙΤΛΟΣ ΚΑΙ ΔΗΛΩΣΗ ΥΠΕΥΘΥΝΟΤΗΤΑΣ
Τίτλος Θεωρητική Οικονομική.
Number of part/section of a work Τόμος Α': Γ' Έκδοση
250 ## - EDITION STATEMENT
Edition statement
260 ## - PUBLICATION, DISTRIBUTION, ETC.
Name of publisher, distributor, etc. Σταμούλης Α,
Date of publication, distribution, etc. 1992
300 ## - PHYSICAL DESCRIPTION
Extent 464
520 ## - SUMMARY, ETC.
Summary, etc. Εισαγωγή στην Θεωρία των Τιμών, Οι Βασικές Οικονομικές Έννοιες, Η Θεωρία της Ζητήσεως, Η Θεωρία της Προσφοράς, Καθορισμός της Τιμής και της Ποσότητας Ισορροπίας, Η Θεωρία Συμπεριφοράς του Καταναλωτή, Η Θεωρία της Απόλυτης - Τακτικής Χρησιμότητας, Η Θεωρία Συμπεριφοράς του Καταναλωτή: Συγκριτική Ανάλυση και Ορισμένα Ειδικά Θέματα, Η Θεωρία της Παραγωγής, Η Κατά Marshall ''Ανάλυση των Εισροών'' (Ένα Προϊόν - Μία Εισροή), Η Κατά Hicks ''Ανάλυση των Εισροών'' (Ένα Προϊόν - Δύο Εισροές), Η Θεωρία του Κόστους, Οι Καμπύλες Κόστους Βραχυχρόνια και Μακροχρόνια, Η Θεωρία της Παραγωγής: Δύο Προϊόντα - Μία Εισροή, Θέματα.
700 1# - ΠΡΟΣΘΕΤΗ ΑΝΑΓΡΑΦΗ--ΦΥΣΙΚΟ ΠΡΟΣΩΠΟ
Personal name Γκαμαλέτσος Θεοδωρος Γ
9 (RLIN) 2767
942 ## - ADDED ENTRY ELEMENTS (KOHA)
Koha item type Books
Holdings
Τύπος τεκμηρίου Βιβλιοθήκη Τρέχουσα τοποθεσία Barcode Αριθμός εισαγωγής Ημερομηνία απόκτησης Ταξιθετικό σύμβολο Αριθμός αντιτύπου Κατάσταση απόσυρσης Κατάσταση χαμένου Κατάσταση κατεστραμμένου Μη δανεισμός Σύνολο δανεισμών Ημερομηνία τελευταίας εμφάνισης Η τιμή ισχύει από
Books MC Athens Campus Library MC Athens Campus Library 9780000021526 4882 05/06/2025 330.01 GAM V.A 1           05/06/2025 05/06/2025

MC Athens Campus Library
Πατησίων 94 & Κοδριγκτώνος 13, 104 34
Πελλήνης 8 & Πατησίων 107, 112 51
Τ: +30 210 8899600

MC Thessaloniki Campus Library
Ίωνος Δραγούμη 21, 54625 | Ίωνος Δραγούμη 15, 54625
Τ: +30 2310 287779 – Τ: +30 2314 440300